000 02461cam a22004814i 4500
003 PE-LiUPU
005 20250731173413.0
008 150706s2010 txu r 000 0 spa d
020 _a9780311030651
035 _a(Sirsi) i9780311030651
040 _aPE-LiUPU
_bspa
_cPE-LiUPU
_erda
049 _aPRUA
082 0 4 _a220.6
_bK17
_221
100 1 _aKaiser, Walter C.,
_eautor.
245 1 0 _aPasajes difíciles de la Biblia /
_cWalter C. Kaiser, Peter H. Davids.
264 1 _aTexas :
_bMundo Hispano,
_c2010.
300 _a803 páginas ;
_c24 centímetros
336 _atext
_2rdacontent
337 _aunmediated
_2rdamedia
338 _avolume
_2rdacarrier
505 0 _a¿Cómo sabemos quién escribió la Biblia? -- ¿Podemos creer en los milagros bíblicos? -- ¿Por qué parece Dios tan enojado en el Antiguo Testamento y tan amoroso en el Nuevo? -- ¿Por qué las genealogías bíblicas no siempre concuerdan? -- ¿No están equivocados muchos de los números del Antiguo Testamento? -- ¿Concuerdan las fechas de los reyes del Antiguo Testamento con la historia secular? -- ¿Apoya la arqueología la historia bíblica? -- Cuando los profetas dicen "vino a mí la palabra del Señor", ¿qué significa? -- ¿Son verdaderamente precisas las profecías del Antiguo Testamento? -- ¿Por qué el Nuevo Testamento no siempre cita el Antiguo Testamento exactamente? -- ¿Son ciertos los relatos de demonios del Nuevo Testamento? -- ¿Por qué hay cuatro Evangelios distintos? -- Antiguo Testamento -- Nuevo Testamento.
526 _aSEG42
526 _aSEG41
526 _aSEG40
526 _aSEG39
526 _aP94
526 _aP87
526 _aP86
526 _aP85
526 _aP77
526 _aP76
526 _aP35
541 _g001-0000557;
630 _aBiblia
_xCrítica, interpretación, etc.
630 _aBiblia
_xEvidencias, autoridad, etc.
700 1 _aDavids, Peter H.,
_eautor.
910 _agl
_cjck
_d20111205
942 _2ddc
_cBOOK
949 _a220.6 K17
_wDEWEY
_c1
_i64092
_lCCODEBUL1
_mBUL
_p51.00
_r0
_sY
_tBOOK
_u2015-7-6
_xTEOLOGIA
_PP35
_o.STAFF. Colección General
994 _aC0
_bPEPRU
596 _a1
999 _a220.6 K17
_wDEWEY
_c52933
_i64092
_d52933
_e2018-4-18
_f2021-11-11
_g5
_lCCODEBUL1
_mBUL
_n11
_p51.00
_q13
_r0
_sY
_tBOOK
_u2015-7-6
_xTEOLOGIA
_PP35
_0COMPRA
_o.STAFF. Colección Teología
980 _81
_gALBERTO SANCHEZ Responsable de Automatización